000 00511nam a2200169Ia 4500
005 20250508155532.0
008 008 250505s9999 xx 000 0 eng d
037 _aBooks to be hide in OPAC
040 _aFEDL
_beng
_cFEDL
041 _aeng
_2eng
084 _a371.405, NCE/O
_qFEDL
245 0 _aBasic education abstracts 1958 No. 1
260 _aNew Delhi, India
_bNational Institute of Basic Education
_c1959
300 _a26p.
942 _cHB
_h371.405, NCE/O
999 _c1357523
_d1357523